| 000 | 01527nam a22002897a 4500 | ||
|---|---|---|---|
| 999 |
_c58145 _d58145 |
||
| 003 | Ge_BSU | ||
| 005 | 20210705115520.0 | ||
| 008 | 210630s2021 ge ||||| |||| 00| 0 geo d | ||
| 020 | _a9789941269080 | ||
| 041 | _ageo | ||
| 080 | _a94(479.223) + 821 ფ-97 | ||
| 100 |
_aფუტკარაძე, თამაზ _912161 |
||
| 245 |
_aწელათი / _cთამაზ ფუტკარაძე, ზაურ ფუტკარაძე; რედ. ლიანა ფუტკარაძე, რუსუდან ვაშაყმაძე. |
||
| 264 |
_aთბილისი : _bუნივერსალი, _c2021. |
||
| 300 |
_a279 გვ.: _bსურ., _c22 სმ. |
||
| 501 | _aფოტო გვ. 263-274 | ||
| 504 | _aბიბლიოგრ. გვ. 275-279 | ||
| 653 | _aსოფელი წელათი | ||
| 653 | _aსოფელი შუბანი | ||
| 653 | _aისტორია | ||
| 653 | _aვაშაყმაძეთა გენიალოგია, ნათესაური განშტოებები | ||
| 653 | _aფუტკარაძეთა გენიალოგია, ნათესაური განშტოებები | ||
| 700 |
_aფუტკარაძე, ზაურ _eავტორი _97236 |
||
| 700 |
_aფუტკარაძე, ლიანა _eრედაქტორი _912162 |
||
| 700 |
_aვაშაყმაძე, რუსუდან _eრედაქტორი _912163 |
||
| 942 |
_2udc _cBK |
||